Loading...
| Literature - World Literature | 0 | 4 | 0 | 1 | 40 | 39 | 78.00 | 1 | 1 |
| Philosophy | 0 | 3 | 0 | 0 | 30 | 68 | 84.00 | 0 | 2 |
| Fine Arts - Other Fine Arts | 0 | 3 | 0 | 0 | 30 | 21 | 63.67 | 0 | 2 |
| History - Other History | 0 | 3 | 0 | 0 | 30 | 28 | 52.00 | 1 | 2 |
| Literature - American Literature | 0 | 2 | 0 | 0 | 20 | 58 | 93.00 | 0 | 1 |
| Literature - European Literature | 0 | 2 | 0 | 0 | 20 | 55 | 68.00 | 0 | 1 |
| Painting/Sculpture | 0 | 2 | 0 | 1 | 20 | 87 | 101.50 | 0 | 0 |
| History - European History | 0 | 2 | 1 | 0 | 15 | 77 | 84.50 | 0 | 0 |
| Current Events | 0 | 1 | 0 | 0 | 10 | 30 | 30.00 | 1 | 1 |
| Fine Arts - Classical Music | 0 | 1 | 0 | 0 | 10 | 122 | 122.00 | 0 | 0 |
| Geography | 0 | 1 | 0 | 0 | 10 | 75 | 75.00 | 1 | 1 |
| History - American History | 0 | 1 | 0 | 0 | 10 | 51 | 51.00 | 0 | 0 |
| Literature - British Literature | 0 | 1 | 0 | 0 | 10 | 78 | 78.00 | 0 | 0 |
| Mythology | 0 | 1 | 0 | 0 | 10 | 67 | 67.00 | 0 | 0 |
| Science - Other Science | 0 | 1 | 0 | 1 | 10 | 109 | 109.00 | 0 | 0 |
| Social Science | 0 | 1 | 1 | 0 | 5 | 15 | 15.00 | 1 | 1 |
| History - World History | 0 | 1 | 1 | 0 | 5 | 65 | 65.00 | 0 | 0 |